Online Public Access Catalog -OPAC

Bibliography on Soil Air and Plant Growth, 1971-1966 (Record no. 5027)

MARC details
000 -LEADER
fixed length control field 00350nam a2200097Ia 4500
008 - FIXED-LENGTH DATA ELEMENTS--GENERAL INFORMATION
fixed length control field 180412s9999||||xx |||||||||||||| ||und||
040 ## - CATALOGING SOURCE
Original cataloging agency Ahmadu Bello University Library - Zaria
245 #0 - TITLE STATEMENT
Title Bibliography on Soil Air and Plant Growth, 1971-1966
Statement of responsibility, etc. COMMONWEALTH BUREAU OF SOILS.
260 ## - PUBLICATION, DISTRIBUTION, ETC.
Date of publication, distribution, etc. 1972
300 ## - PHYSICAL DESCRIPTION
Extent pp.24.
500 ## - GENERAL NOTE
General note Bibliography on soil air and plant growth, 1971-1966.

No items available.

Customized by ICT Technical Service Unit on 29th Dec 2022

Kashim Ibrahim Library